00265nam a2200109Ia 4500008004100000041000800041082001700049100001800066245003700084260002700121365000700148230303s9999 xx 000 0 und d aeng a621.3893 GUL aGULATI (R.R): aMonochrome And Colour Television aNEW DELHIbNEW AGE PUB cRS